[Event "European Youth Chess Championship B16"]
[Site "Prague, Top Hotel Prague"]
[Date "2012.08.21"]
[Round "5.11"]
[White "Bida, Mihai-Eugen"]
[Black "Harutyunian, Tigran K"]
[Result "1/2-1/2"]
[WhiteElo "2213"]
[BlackElo "2308"]
[PlyCount "155"]
[EventDate "2012.08.17"]

1. e4 c5 2. c3 d5 3. exd5 Qxd5 4. d4 Nf6 5. Nf3 Bg4 6. dxc5 Qxc5 7. h3 Bf5 8.
Be3 Qc7 9. Nd4 Bd7 10. Nb5 Bxb5 11. Bxb5+ Nc6 12. Qf3 e6 13. O-O Be7 14. Bf4
Qb6 15. a4 Nd5 16. Nd2 Nxf4 17. Qxf4 O-O 18. Nc4 Qc5 19. b4 Qh5 20. Qc7 Bf6 21.
Qxb7 Ne7 22. Ne3 Rfb8 23. Qe4 Bxc3 24. Rac1 Qe5 25. Bd3 f5 26. Qxe5 Bxe5 27. b5
Rd8 28. Bc4 Kf7 29. Rfd1 Kf6 30. Bb3 Bd4 31. Nc4 Rac8 32. Na5 Rxc1 33. Rxc1 Bb6
34. Nc4 Rd3 35. Rb1 Bd4 36. a5 Nd5 37. b6 axb6 38. axb6 Nxb6 39. Nxb6 Bxb6 40.
Bxe6 Bxf2+ 41. Kxf2 Kxe6 42. Rb5 Ra3 43. Rc5 Kf6 44. Rc7 h6 45. Rb7 g6 46. Rb6+
Kg5 47. Rc6 h5 48. Rb6 h4 49. Rb4 Ra2+ 50. Kf3 Kh5 51. Rb5 Ra4 52. Rc5 Kg5 53.
Rc6 Ra3+ 54. Kf2 Ra5 55. Kf3 Kh5 56. Rc8 g5 57. Rh8+ Kg6 58. Kf2 Kf6 59. Rg8
Ra2+ 60. Kg1 Rb2 61. Kf1 Rb4 62. Kg1 g4 63. hxg4 fxg4 64. Kh2 Kf5 65. Rf8+ Kg5
66. Rg8+ Kf4 67. Rf8+ Ke3 68. Rh8 Kf4 69. g3+ hxg3+ 70. Kg1 g2 71. Ra8 Rb2 72.
Ra3 Rc2 73. Rb3 Ra2 74. Rc3 Kg5 75. Rb3 Kh4 76. Rc3 Ra4 77. Kxg2 g3 78. Rc8
1/2-1/2

[Event "European Youth Chess Championship B16"]
[Site "Prague, Top Hotel Prague"]
[Date "2012.08.21"]
[Round "5.12"]
[White "Ivekovic, Bozidar"]
[Black "Zakhartsov, Vladimir"]
[Result "0-1"]
[WhiteElo "2200"]
[BlackElo "2306"]
[PlyCount "80"]
[EventDate "2012.08.17"]

1. d4 Nf6 2. c4 g6 3. Nc3 d5 4. Bg5 Ne4 5. Bh4 Nxc3 6. bxc3 Bg7 7. e3 c5 8.
cxd5 Qxd5 9. Qf3 Qd8 10. Bc4 O-O 11. Ne2 Nc6 12. O-O Bd7 13. Rab1 Rc8 14. Rfe1
a6 15. Bd3 b5 16. a4 c4 17. Bc2 bxa4 18. Qd5 Qc7 19. Qc5 e5 20. Qa3 Na5 21.
Bxa4 Bf5 22. Rb2 Rb8 23. Rxb8 Rxb8 24. Be7 Bf8 25. Bxf8 Rxf8 26. dxe5 Qxe5 27.
Nd4 Rb8 28. Nxf5 Qxf5 29. Rd1 Rb1 30. Qd6 Rxd1+ 31. Qxd1 Nb7 32. g3 Qe6 33. Qf3
Nc5 34. Bc6 a5 35. Bb5 Qe4 36. Qd1 Qd3 37. Qa1 Nb3 38. Qf1 Qxc3 39. Qxc4 Qxc4
40. Bxc4 a4 0-1

[Event "European Youth Chess Championship B16"]
[Site "Prague, Top Hotel Prague"]
[Date "2012.08.21"]
[Round "5.13"]
[White "Khamidov, Komil"]
[Black "Studer, Noel"]
[Result "0-1"]
[WhiteElo "2090"]
[BlackElo "2273"]
[PlyCount "118"]
[EventDate "2012.08.17"]

1. e4 e6 2. d4 d5 3. Nc3 Nf6 4. Bg5 Bb4 5. e5 h6 6. Bd2 Bxc3 7. bxc3 Ne4 8. Qg4
Kf8 9. Bd3 Nxd2 10. Kxd2 c5 11. h4 c4 12. Bf1 b5 13. Ne2 Nc6 14. a3 Bd7 15. Rh3
Ne7 16. Rf3 Nf5 17. h5 Qg5+ 18. Qf4 Ne7 19. g4 Nc6 20. Qxg5 hxg5 21. Ng1 Ke7
22. Nh3 f6 23. Re3 Raf8 24. Rae1 fxe5 25. dxe5 g6 26. hxg6 Rhg8 27. Be2 Rxg6
28. Rf1 a5 29. f4 gxf4 30. Rxf4 Rxf4 31. Nxf4 Rg5 32. Nh3 Rxe5 33. Rxe5 Nxe5
34. Ke3 Ng6 35. Nf4 Be8 36. Nh5 e5 37. Ng7 Bd7 38. Bf3 Nf4 39. g5 Kd6 40. Nh5
Ng6 41. Nf6 Be6 42. Bh5 Bf5 43. Bf3 Nf4 44. Nh5 Ne6 45. Nf6 d4+ 46. Kd2 Nxg5
47. Bb7 Kc5 48. cxd4+ exd4 49. Nh5 Be4 50. Ba6 Nf7 51. Bc8 Nd6 52. Bd7 c3+ 53.
Kc1 Bc6 54. Bg4 Nc4 55. a4 b4 56. Nf4 Bxa4 57. Nd3+ Kd6 58. Nf4 Ne3 59. Be2
Bxc2 0-1

[Event "European Youth Chess Championship B16"]
[Site "Prague, Top Hotel Prague"]
[Date "2012.08.21"]
[Round "5.14"]
[White "Tsydypov, Zhamsaran"]
[Black "Martins, David Pires Tavares"]
[Result "1-0"]
[WhiteElo "2328"]
[BlackElo "2123"]
[PlyCount "85"]
[EventDate "2012.08.17"]

1. e4 e6 2. d3 d5 3. Qe2 Be7 4. g3 Nf6 5. Bg2 O-O 6. Nf3 Nc6 7. O-O b6 8. e5
Nd7 9. h4 Nc5 10. Nc3 f6 11. d4 Ba6 12. Nb5 Ne4 13. c4 Na5 14. exf6 Bxf6 15.
Bf4 c6 16. Bh3 Qe7 17. b4 Qxb4 18. Rfb1 Qe7 19. Nc7 Bxc4 20. Qe3 Rac8 21. Nxe6
Rfe8 22. Neg5 Bxg5 23. hxg5 Rcd8 24. Ne5 Ba6 25. f3 Nd6 26. g6 h6 27. Re1 Bc8
28. Bxc8 Rxc8 29. Kg2 Qf6 30. Rh1 Nac4 31. Qc3 Qf5 32. Rae1 Nb5 33. Qc1 Nxe5
34. Bxe5 Qxg6 35. Rh4 Qg5 36. Qb1 Re7 37. f4 Na3 38. Qd3 Rxe5 39. Rxe5 Qf6 40.
Qxa3 c5 41. Rh1 cxd4 42. Rc1 Rf8 43. Qe7 1-0

[Event "European Youth Chess Championship B16"]
[Site "Prague, Top Hotel Prague"]
[Date "2012.08.21"]
[Round "5.15"]
[White "Georgiadis, Nico"]
[Black "Kanjaryan, Vladimir"]
[Result "1-0"]
[WhiteElo "2345"]
[BlackElo "2091"]
[PlyCount "135"]
[EventDate "2012.08.17"]

1. e4 d5 2. exd5 Nf6 3. d4 Nxd5 4. Be2 g6 5. Nf3 Bg7 6. O-O O-O 7. c3 c6 8. Re1
Qc7 9. a4 Nd7 10. Bc4 Re8 11. Na3 a6 12. Nc2 h6 13. h3 b6 14. Ne3 Bb7 15. Ng4
Kh7 16. Qd2 h5 17. Nge5 Nxe5 18. Nxe5 Kg8 19. Bxd5 cxd5 20. Qf4 Bxe5 21. Rxe5
f6 22. Re6 Qxf4 23. Bxf4 a5 24. Rae1 Kf7 25. Rxb6 Ba6 26. Ree6 Bd3 27. Rec6
Rec8 28. Rxc8 Rxc8 29. Rb7 Rc6 30. Bc7 Bc2 31. Bxa5 Bxa4 32. b3 Ra6 33. Bd8 Ke8
34. Bxe7 Bxb3 35. Bxf6 Bc2 36. Be7 Bd3 37. Kh2 Kf7 38. Kg3 Ra2 39. Bg5+ Kg8 40.
Rc7 Rc2 41. Bf6 Kf8 42. Bh4 Bf1 43. Kf3 Be2+ 44. Kf4 Bf1 45. Kg5 Bxg2 46. Kxg6
Bxh3 47. f4 Rg2+ 48. Bg5 Rf2 49. Rh7 Ke8 50. Re7+ Kf8 51. Re3 Bd7 52. Bh6+ Kg8
53. Re7 Rg2+ 54. Bg5 Bb5 55. f5 h4 56. Rg7+ Kf8 57. Rh7 Kg8 58. Rg7+ Kf8 59.
Rh7 Kg8 60. Rxh4 Bd3 61. Kf6 Rf2 62. Bf4 Be4 63. Ke7 Ra2 64. Rg4+ Kh7 65. f6
Bg6 66. Rh4+ Kg8 67. f7+ Bxf7 68. Rg4+ 1-0

[Event "European Youth Chess Championship B16"]
[Site "Prague, Top Hotel Prague"]
[Date "2012.08.21"]
[Round "5.16"]
[White "Csonka, Balazs"]
[Black "Bayramov, Elkhan"]
[Result "0-1"]
[WhiteElo "2313"]
[BlackElo "2069"]
[PlyCount "72"]
[EventDate "2012.08.17"]

1. d4 d5 2. Nf3 Nf6 3. c4 c6 4. Nc3 dxc4 5. a4 Bf5 6. Ne5 Nbd7 7. Nxc4 Qc7 8.
g3 e5 9. dxe5 Nxe5 10. Bf4 Nfd7 11. Bg2 g5 12. Ne3 gxf4 13. Nxf5 O-O-O 14. Qc2
fxg3 15. hxg3 Kb8 16. O-O-O Bb4 17. Na2 Bc5 18. e3 a5 19. Kb1 Qb6 20. Qc3 f6
21. Qc2 Ba3 22. Ka1 Nc5 23. Nd4 Bb4 24. Kb1 h5 25. Bf1 Ng4 26. Bh3 Ka7 27. Bxg4
hxg4 28. Ka1 Rh3 29. Rhf1 Rh2 30. Rc1 Na6 31. Qf5 Bc5 32. Qxf6 Rxd4 33. Rxc5
Nxc5 34. exd4 Nb3+ 35. Kb1 Nd2+ 36. Kc2 Nxf1 0-1

[Event "European Youth Chess Championship B16"]
[Site "Prague, Top Hotel Prague"]
[Date "2012.08.21"]
[Round "5.17"]
[White "David, Alexandru-Vasile"]
[Black "Mirzoev, Emil"]
[Result "0-1"]
[WhiteElo "2059"]
[BlackElo "2241"]
[PlyCount "120"]
[EventDate "2012.08.17"]

1. d4 Nf6 2. c4 e6 3. Nc3 Bb4 4. f3 Nc6 5. e4 d5 6. cxd5 exd5 7. e5 Ng8 8. Be3
Nge7 9. f4 O-O 10. Be2 f6 11. Nf3 fxe5 12. fxe5 Bg4 13. O-O Qd7 14. a3 Ba5 15.
Qd2 Bb6 16. Rae1 Nd8 17. h3 Bh5 18. g4 Bg6 19. Nh4 Ne6 20. Bf3 c6 21. Na4 Rf7
22. Nxb6 axb6 23. Be2 Raf8 24. Rxf7 Rxf7 25. Rf1 Rxf1+ 26. Bxf1 Be4 27. Bd3 g6
28. b4 Qd8 29. Qc2 Qa8 30. Qb3 Bxd3 31. Qxd3 Qa6 32. Qxa6 bxa6 33. a4 b5 34. a5
c5 35. dxc5 Nc6 36. Bd2 Ned4 37. Kf2 Nc2 38. Nf3 N2xb4 39. Bxb4 Nxb4 40. Ke3
Nc6 41. Ng5 b4 42. Ne6 b3 43. Kd3 d4 44. Kd2 Nb4 45. Kc1 d3 46. c6 Nxc6 47. Nc5
Nxa5 48. Nxd3 Nc4 49. Nc5 b2+ 50. Kb1 a5 51. Kc2 Kf7 52. Kb1 Ke7 53. Kc2 Kd8
54. h4 h6 55. Kb1 Kc7 56. h5 g5 57. Ne6+ Kd7 58. Nc5+ Kc6 59. Nd3 Kd5 60. Kc2
a4 0-1

[Event "European Youth Chess Championship B16"]
[Site "Prague, Top Hotel Prague"]
[Date "2012.08.21"]
[Round "5.19"]
[White "Mikes, Jan"]
[Black "Slampa, Jan"]
[Result "1/2-1/2"]
[WhiteElo "2125"]
[BlackElo "1996"]
[PlyCount "72"]
[EventDate "2012.08.17"]

1. e4 c6 2. d4 d5 3. Nd2 dxe4 4. Nxe4 Bf5 5. Ng3 Bg6 6. N1e2 h6 7. Nf4 Bh7 8.
c3 Nf6 9. Bd3 Bxd3 10. Qxd3 e6 11. O-O Bd6 12. Re1 O-O 13. Ne4 Nxe4 14. Qxe4
Re8 15. Qf3 Nd7 16. Nh5 Qh4 17. h3 g6 18. Ng3 f5 19. c4 Bxg3 20. Qxg3 Qxg3 21.
fxg3 Kg7 22. Bf4 g5 23. Bd6 Nf6 24. Be5 h5 25. g4 hxg4 26. hxg4 Kg6 27. Bxf6
Kxf6 28. Re5 Rad8 29. Rae1 f4 30. R5e4 Rd6 31. Kf2 Re7 32. Rh1 Kg6 33. Rhe1 Kf6
34. Rh1 Kg6 35. Rhe1 Kf6 36. Rh1 Kg6 1/2-1/2

[Event "European Youth Chess Championship B16"]
[Site "Prague, Top Hotel Prague"]
[Date "2012.08.21"]
[Round "5.22"]
[White "Beradze, Irakli"]
[Black "Markoja, Sebastijan"]
[Result "1-0"]
[WhiteElo "2331"]
[BlackElo "2018"]
[PlyCount "83"]
[EventDate "2012.08.17"]

1. e4 e5 2. Nf3 Nc6 3. Bc4 Nf6 4. d3 Be7 5. O-O O-O 6. Re1 d6 7. c3 Na5 8. Bb5
a6 9. Ba4 b5 10. Bc2 c5 11. Nbd2 Nd7 12. Nf1 Nc6 13. a4 Nb6 14. Ne3 g6 15. a5
Nd7 16. Nd5 Re8 17. d4 Bf8 18. dxc5 dxc5 19. Bg5 f6 20. Nxf6+ Nxf6 21. Qxd8
Rxd8 22. Bxf6 Re8 23. Bg5 Be6 24. Be3 h6 25. Nd2 Nd8 26. g3 g5 27. f4 gxf4 28.
gxf4 exf4 29. Bxf4 c4 30. e5 Bg7 31. Ne4 Rf8 32. Bg3 Rc8 33. Rad1 Nf7 34. Nd6
Rc7 35. Nxf7 Rcxf7 36. Bg6 Rf3 37. Kg2 Bg4 38. Rd4 h5 39. Be4 h4 40. Bd5+ Kh8
41. Rxg4 hxg3 42. Bxf3 1-0

[Event "European Youth Chess Championship B16"]
[Site "Prague, Top Hotel Prague"]
[Date "2012.08.21"]
[Round "5.23"]
[White "Suarez Garcia, Carlos"]
[Black "Rauramaa, Julius"]
[Result "1-0"]
[WhiteElo "2311"]
[BlackElo "2006"]
[PlyCount "51"]
[EventDate "2012.08.17"]

1. d4 f5 2. e4 fxe4 3. Nc3 Nf6 4. Bg5 Nc6 5. d5 Ne5 6. Qe2 Nf7 7. Bxf6 exf6 8.
Nxe4 Be7 9. d6 Nxd6 10. Nxd6+ cxd6 11. O-O-O O-O 12. Re1 Re8 13. Qe4 d5 14.
Qxd5+ Kh8 15. Bd3 d6 16. Nf3 Bg4 17. Nd4 Qc8 18. h3 Bd7 19. Qh5 f5 20. Nxf5 g6
21. Nxe7 gxh5 22. Nxc8 Raxc8 23. Be4 b6 24. Bf3 h4 25. Rxe8+ Rxe8 26. Rd1 1-0

[Event "European Youth Chess Championship B16"]
[Site "Prague, Top Hotel Prague"]
[Date "2012.08.21"]
[Round "5.24"]
[White "Radovanovic, Nikola"]
[Black "Krasovskiy, Kirill"]
[Result "1-0"]
[WhiteElo "2184"]
[BlackElo "2024"]
[PlyCount "103"]
[EventDate "2012.08.17"]

1. e4 e6 2. d4 d5 3. e5 c5 4. Qg4 f5 5. Qg3 cxd4 6. Nf3 Qb6 7. Bd3 Ne7 8. O-O
Nec6 9. a3 a5 10. h4 Nd7 11. Re1 Nc5 12. Nbd2 a4 13. Ng5 Ne4 14. Ndxe4 dxe4 15.
Bc4 Na5 16. Be2 Qc7 17. Nxh7 Qf7 18. Nxf8 Kxf8 19. Rd1 Nc6 20. Bb5 Ra5 21. Bxc6
bxc6 22. Rxd4 Rd5 23. Rxd5 exd5 24. Bg5 Be6 25. Qe3 Qb7 26. b4 Kf7 27. Rd1 Rc8
28. Qc5 Rc7 29. c4 Rd7 30. cxd5 Rxd5 31. Rxd5 Bxd5 32. h5 Qd7 33. h6 gxh6 34.
Bxh6 Bb3 35. Qf8+ Kg6 36. Qf6+ Kh7 37. Qh4 Kg6 38. Kh2 Bd5 39. Kg3 Bb3 40. Be3
Qg7 41. Kf4 Be6 42. Bc1 Qh6+ 43. Qxh6+ Kxh6 44. Ke3 Kg6 45. Kd4 Bd5 46. b5 Kf7
47. b6 Ke6 48. Bf4 Kd7 49. e6+ Kc8 50. Ke5 e3 51. Bxe3 Bxg2 52. e7 1-0

[Event "European Youth Chess Championship B16"]
[Site "Prague, Top Hotel Prague"]
[Date "2012.08.21"]
[Round "5.25"]
[White "Basso, Pier Luigi"]
[Black "De Vleeschauwer, Maarten"]
[Result "1/2-1/2"]
[WhiteElo "2167"]
[BlackElo "1996"]
[PlyCount "98"]
[EventDate "2012.08.17"]

1. d4 c5 2. d5 g6 3. c4 d6 4. Nc3 Bg7 5. Nf3 Nf6 6. g3 O-O 7. Bg2 Na6 8. O-O
Nc7 9. a4 b6 10. Re1 Rb8 11. e4 Bg4 12. h3 Bxf3 13. Qxf3 Nd7 14. Qe2 a6 15. Bf1
e6 16. Bf4 Ne5 17. Be3 exd5 18. cxd5 b5 19. axb5 axb5 20. Qd1 b4 21. Na4 Nb5
22. f4 Nd7 23. Bxb5 Rxb5 24. Rc1 Re8 25. Qd3 Ra5 26. b3 Nb6 27. Nxb6 Qxb6 28.
Re2 Qa7 29. Bf2 Ra1 30. Rxa1 Qxa1+ 31. Kg2 Qc3 32. Qb5 Ra8 33. Qc6 Ra1 34. Re3
Qd2 35. Qe8+ Bf8 36. g4 Ra2 37. Rf3 Rc2 38. Qc6 Rc3 39. e5 Qe2 40. Rxc3 bxc3
41. exd6 Qe4+ 42. Kg1 Qb1+ 43. Kg2 Qe4+ 44. Kg1 c2 45. Qxc5 Bxd6 46. Qc8+ Kg7
47. Qc3+ Kg8 48. Qc8+ Kg7 49. Qc3+ Kg8 1/2-1/2

[Event "European Youth Chess Championship B16"]
[Site "Prague, Top Hotel Prague"]
[Date "2012.08.21"]
[Round "5.26"]
[White "Eggink, Ryszard"]
[Black "Cukrowski, Filip"]
[Result "1/2-1/2"]
[WhiteElo "2031"]
[BlackElo "2154"]
[PlyCount "116"]
[EventDate "2012.08.17"]

1. e4 c5 2. Nf3 Nc6 3. d4 cxd4 4. Nxd4 Nf6 5. Nc3 d6 6. Be2 e5 7. Nb3 h6 8. Be3
Be7 9. Qd2 Be6 10. O-O-O a5 11. Kb1 a4 12. Nc1 a3 13. b3 Qa5 14. f3 O-O 15. g4
Rfc8 16. Na4 d5 17. Qxa5 Rxa5 18. Nb6 Rd8 19. exd5 Bxd5 20. Bd2 Ra7 21. Nxd5
Nxd5 22. c4 Nc7 23. f4 e4 24. Be3 Raa8 25. Rxd8+ Rxd8 26. Rd1 Rxd1 27. Bxd1 Nb4
28. Ne2 Nca6 29. Nc3 Bc5 30. Bc1 Nd3 31. Nxe4 Nxc1 32. Nxc5 Nxc5 33. Kxc1 Nd3+
34. Kb1 b6 35. b4 Nxb4 36. Bb3 Kf8 37. Kc1 Ke7 38. Kd2 Kd6 39. c5+ Kxc5 40.
Bxf7 Kd4 41. g5 hxg5 42. fxg5 Nc6 43. Kc2 Ne5 44. g6 Nf3 45. h3 Ke4 46. Kb3
Nd4+ 47. Kxa3 Nb5+ 48. Kb4 Nc7 49. a4 Kf4 50. Kc4 Ke5 51. h4 Kf4 52. Kd4 Kg4
53. Ke5 Na6 54. Kd5 Kxh4 55. Kc6 Nc5 56. a5 bxa5 57. Kxc5 Kg5 58. Kb5 Kf6
1/2-1/2

[Event "European Youth Chess Championship B16"]
[Site "Prague, Top Hotel Prague"]
[Date "2012.08.21"]
[Round "5.27"]
[White "Hrdina, Robin"]
[Black "Haman, Jakub"]
[Result "0-1"]
[WhiteElo "2024"]
[BlackElo "2137"]
[PlyCount "58"]
[EventDate "2012.08.17"]

1. e4 d6 2. d4 Nf6 3. Nc3 g6 4. Be3 c6 5. h3 Nbd7 6. Qd2 b5 7. a3 Bb7 8. f4 a5
9. e5 b4 10. Nce2 Nd5 11. Bf2 N7b6 12. Nc1 Bh6 13. Bg3 O-O 14. Nf3 c5 15. Be2
cxd4 16. Qxd4 Rc8 17. Bd3 dxe5 18. Nxe5 Nxf4 19. Qxd8 Nxg2+ 20. Kf2 Rfxd8 21.
Ng4 Bg7 22. Nb3 Bxb2 23. Rab1 bxa3 24. Rhd1 Na4 25. Nxa5 Bd4+ 26. Kf1 Bf3 27.
Bf2 Bxd1 28. Rxd1 Bxf2 29. Nxf2 Ne3+ 0-1

[Event "European Youth Chess Championship B16"]
[Site "Prague, Top Hotel Prague"]
[Date "2012.08.21"]
[Round "5.28"]
[White "Eggink, Mateusz"]
[Black "Jozefek, Michal"]
[Result "1-0"]
[WhiteElo "2013"]
[BlackElo "2081"]
[PlyCount "77"]
[EventDate "2012.08.17"]

1. e4 c5 2. Nf3 Nc6 3. d4 cxd4 4. Nxd4 g6 5. c4 Bg7 6. Be3 Nf6 7. Nc3 d6 8. Be2
O-O 9. O-O Bd7 10. Qd2 Nxd4 11. Bxd4 Bc6 12. f3 Nd7 13. Be3 a5 14. b3 Nc5 15.
Rab1 f5 16. exf5 Rxf5 17. a3 Bd7 18. b4 axb4 19. axb4 Na4 20. Ne4 Rf8 21. Qd5+
Kh8 22. Qxb7 Bf5 23. Rb3 Bxe4 24. Qxe4 Nc3 25. Qd3 Ra2 26. Rxc3 Rxe2 27. Ra3
Rxe3 28. Qxe3 Bf6 29. Kh1 Qb8 30. b5 Rc8 31. Qe4 Qb6 32. Ra8 Rxa8 33. Qxa8+ Kg7
34. Qd5 Qe3 35. Rb1 Bd4 36. Qe4 Qf2 37. Qxe7+ Kh6 38. Qxd6 Qc2 39. Qf4+ 1-0

[Event "European Youth Chess Championship B16"]
[Site "Prague, Top Hotel Prague"]
[Date "2012.08.21"]
[Round "5.29"]
[White "Vanagas, Tadas"]
[Black "Burcu, Cagatay"]
[Result "1-0"]
[WhiteElo "2067"]
[BlackElo "1992"]
[PlyCount "89"]
[EventDate "2012.08.17"]

1. e4 d6 2. d4 Nf6 3. Nc3 g6 4. f3 c6 5. Be3 b5 6. Qd2 Nbd7 7. Bd3 Nb6 8. b3
Qc7 9. Nge2 e5 10. a4 b4 11. Nd1 a5 12. Nb2 Be6 13. dxe5 dxe5 14. Ng3 Bg7 15.
Qe2 O-O 16. Nf1 Nh5 17. g3 Kh8 18. O-O-O Rad8 19. Nd2 Rd7 20. Qf2 Nc8 21. Bc4
Bxc4 22. Ndxc4 Rxd1+ 23. Rxd1 f5 24. Qd2 Nf6 25. Bc5 Re8 26. Bd6 Qa7 27. Qe2
fxe4 28. fxe4 Nxd6 29. Nxd6 Rf8 30. Nbc4 Qc5 31. Nb7 Qe7 32. Nbxa5 Rc8 33. Nd6
Rc7 34. Nac4 Rd7 35. Nc8 Bh6+ 36. Kb2 Qc5 37. Rxd7 Nxd7 38. Qd3 Nf8 39. N8d6
Kg7 40. Qf1 Qd4+ 41. Kb1 Qa7 42. Nxe5 Qc5 43. Ne8+ Kg8 44. Qf7+ Kh8 45. Nf6 1-0

[Event "European Youth Chess Championship B16"]
[Site "Prague, Top Hotel Prague"]
[Date "2012.08.21"]
[Round "5.30"]
[White "Navratil, Jiri"]
[Black "Kerdik, Adam"]
[Result "1-0"]
[WhiteElo "2066"]
[BlackElo "1966"]
[PlyCount "83"]
[EventDate "2012.08.17"]

1. e4 c5 2. Nf3 e6 3. d4 cxd4 4. Nxd4 a6 5. Nc3 Qc7 6. Be2 Nf6 7. O-O b5 8. Bf3
Bb7 9. e5 Ng8 10. Re1 Nc6 11. Bf4 Nxd4 12. Bxb7 Qxb7 13. Qxd4 Ne7 14. Rad1 Nc6
15. Qd2 Bb4 16. a3 Bxc3 17. Qxc3 b4 18. Qg3 g6 19. Bg5 Ne7 20. Qf4 Nf5 21. g4
h6 22. Bf6 Rg8 23. gxf5 gxf5+ 24. Kf1 Rg4 25. Qxh6 Qg2+ 26. Ke2 d6 27. Qh8+ Kd7
28. Rxd6+ Kc7 29. Qh5 Rf8 30. axb4 Qe4+ 31. Kd1 Qxb4 32. Qh3 Qxb2 33. Qb3 Qa1+
34. Kd2 Rd4+ 35. Rxd4 Qxd4+ 36. Qd3 Qxf2+ 37. Re2 Qf4+ 38. Qe3 Qa4 39. Qc5+ Kb7
40. Re3 Rc8 41. Rb3+ Qxb3 42. Qxc8+ 1-0

[Event "European Youth Chess Championship B16"]
[Site "Prague, Top Hotel Prague"]
[Date "2012.08.21"]
[Round "5.31"]
[White "Medar, Marti"]
[Black "Kisic, Bozidar"]
[Result "1-0"]
[WhiteElo "2000"]
[BlackElo "2065"]
[PlyCount "87"]
[EventDate "2012.08.17"]

1. d4 Nf6 2. c4 c5 3. Nf3 cxd4 4. Nxd4 b6 5. f3 e5 6. Nc2 d5 7. cxd5 e4 8. Nc3
Bd6 9. Bg5 Be5 10. Qd2 Nbd7 11. Nd4 Bb7 12. f4 Bxd4 13. Qxd4 Qe7 14. e3 O-O 15.
Be2 a6 16. O-O Qd6 17. Rad1 Rfe8 18. Bh4 b5 19. a3 Rac8 20. g4 Nc5 21. Bg3 Nfd7
22. f5 Qh6 23. Rf4 Nb3 24. Qa7 Nbc5 25. b4 Ra8 26. Qxc5 Nxc5 27. bxc5 Rad8 28.
h4 Qf6 29. Rd4 Qe7 30. c6 Bxc6 31. dxc6 Rxd4 32. exd4 Qxa3 33. Rxe4 Rxe4 34.
Nxe4 Qe3+ 35. Kf1 Qxe4 36. c7 Qc6 37. d5 Qd7 38. d6 Kf8 39. Bf3 b4 40. Kg2 b3
41. Be5 f6 42. Bd4 Qe8 43. Kf2 Qc8 44. Bd5 1-0

[Event "European Youth Chess Championship B16"]
[Site "Prague, Top Hotel Prague"]
[Date "2012.08.21"]
[Round "5.33"]
[White "Magee, Ronan"]
[Black "Starcevs, Dmitrijs"]
[Result "1/2-1/2"]
[WhiteElo "1981"]
[BlackElo "2052"]
[PlyCount "133"]
[EventDate "2012.08.17"]

1. e4 c5 2. Nf3 d6 3. d4 cxd4 4. Nxd4 Nf6 5. Nc3 a6 6. Be2 e5 7. Nb3 Be7 8. O-O
O-O 9. Be3 Be6 10. Nd5 Nbd7 11. f3 Nxd5 12. exd5 Bf5 13. c4 Bg5 14. Qd2 Bxe3+
15. Qxe3 Bc2 16. Nd2 Qb6 17. Qxb6 Nxb6 18. Rac1 Bg6 19. Ne4 Bxe4 20. fxe4 Nd7
21. b4 b6 22. Ra1 Ra7 23. Rfc1 g6 24. g4 h6 25. h4 a5 26. a3 Rfa8 27. Rab1 axb4
28. axb4 Ra2 29. Bf3 R8a3 30. Rf1 Rc3 31. Rbc1 Rac2 32. Rxc2 Rxc2 33. Ra1 Rxc4
34. Ra8+ Kg7 35. Rd8 Nf6 36. Rxd6 Rxb4 37. Rd8 Nxe4 38. Re8 Kf6 39. Rh8 Nd6 40.
Rd8 Ke7 41. Rh8 e4 42. Be2 Rd4 43. Rxh6 Rxd5 44. Rh8 Ne8 45. h5 gxh5 46. gxh5
Nf6 47. h6 Rd8 48. Rxd8 Kxd8 49. Bg4 Ke7 50. Bf5 Kf8 51. Kf2 Kg8 52. Ke3 b5 53.
Kd4 Kh8 54. Kc5 e3 55. Bd3 Nh5 56. Bxb5 Nf4 57. Kd4 Ng2 58. Ke4 Kh7 59. Kf3
Nh4+ 60. Kxe3 Kxh6 61. Bc4 f6 62. Bd3 Kg5 63. Bb1 Ng2+ 64. Kf3 Nf4 65. Be4 Ne6
66. Bb1 Nd4+ 67. Ke3 1/2-1/2

[Event "European Youth Chess Championship B16"]
[Site "Prague, Top Hotel Prague"]
[Date "2012.08.21"]
[Round "5.34"]
[White "Lekic, Lazar"]
[Black "Sosovicka, Matej"]
[Result "0-1"]
[WhiteElo "1972"]
[BlackElo "2040"]
[PlyCount "126"]
[EventDate "2012.08.17"]

1. e4 e5 2. Nf3 Nc6 3. Bb5 a6 4. Ba4 Nf6 5. O-O Be7 6. Re1 b5 7. Bb3 d6 8. c3
O-O 9. d4 Bg4 10. d5 Na5 11. Bc2 Qc8 12. Nbd2 c6 13. b4 Nc4 14. Nxc4 bxc4 15.
dxc6 Qxc6 16. h3 Bd7 17. a4 Rac8 18. Ba3 Rfe8 19. Qe2 Bf8 20. Rad1 Rcd8 21. Rd2
Bc8 22. Qd1 Bb7 23. b5 axb5 24. axb5 Qxb5 25. Ba4 Qa6 26. Bxe8 Qxa3 27. Bxf7+
Kxf7 28. Nxe5+ Kg8 29. Nxc4 Qxc3 30. Rc2 Qb4 31. Rb2 Qxc4 32. Rxb7 Nxe4 33. Qg4
d5 34. Qe6+ Kh8 35. Rd7 Rxd7 36. Qxd7 Qc5 37. Qf7 Nf6 38. Rb1 Qe7 39. Qxe7 Bxe7
40. Rb8+ Ng8 41. Rb5 d4 42. Rd5 Bf6 43. f4 h6 44. Kf2 Ne7 45. Rd7 Kg8 46. g4
Kf7 47. Rd6 Ng6 48. Kf3 Ke7 49. Ra6 Nf8 50. Ke4 Ne6 51. Kf5 Nc7 52. Ra5 d3 53.
Ra3 d2 54. Rd3 Bc3 55. Ke4 Ne6 56. Ke3 Nd4 57. h4 Kf6 58. Ke4 Nc2 59. Rd6+ Ke7
60. Rd3 Nb4 61. Rxd2 Bxd2 62. g5 hxg5 63. fxg5 Ke6 0-1

[Event "European Youth Chess Championship B16"]
[Site "Prague, Top Hotel Prague"]
[Date "2012.08.21"]
[Round "5.35"]
[White "Hochshtad, Eyal"]
[Black "Brenner, Stav"]
[Result "0-1"]
[WhiteElo "1958"]
[BlackElo "2034"]
[PlyCount "120"]
[EventDate "2012.08.17"]

1. e4 c5 2. Nf3 g6 3. d4 cxd4 4. Nxd4 Nf6 5. Nc3 Nc6 6. Be3 Bg7 7. Qd2 O-O 8.
Be2 d5 9. exd5 Nb4 10. d6 exd6 11. O-O-O Qa5 12. a3 Nc6 13. Nxc6 bxc6 14. Qxd6
Be6 15. Qc5 Qc7 16. Bf3 Rfc8 17. Nb5 Qb8 18. Nc3 Qb7 19. Qb4 Qc7 20. Bf4 a5 21.
Qd4 Qb7 22. Be5 Rab8 23. Na4 Qe7 24. Bxb8 Rxb8 25. Qd6 Qb7 26. Bxc6 Qc8 27. Rd3
Bh6+ 28. Kb1 Bf8 29. Qg3 Nh5 30. Qe5 Bg7 31. Qd6 Bf8 32. Bd7 Qb7 33. Qc6 Bxd7
34. Qxd7 Qxg2 35. Qd5 Qg4 36. Qxa5 Qe4 37. Re1 Qc6 38. Rc3 Qg2 39. Qc7 Qxf2 40.
Qxb8 Qxe1+ 41. Ka2 Nf6 42. Nc5 Kg7 43. Nd3 Qe6+ 44. Rb3 Bd6 45. Qb6 Qd7 46. Nc5
Qe7 47. Nb7 Bxh2 48. Qc5 Qd7 49. Qb5 Qe7 50. a4 h5 51. a5 h4 52. a6 Bg1 53. Qg5
Bf2 54. c4 Qe6 55. Qa5 h3 56. Qa3 h2 57. Rh3 Qxc4+ 58. b3 Qe2+ 59. Qb2 Qxa6+
60. Kb1 Qf1+ 0-1

[Event "European Youth Chess Championship B16"]
[Site "Prague, Top Hotel Prague"]
[Date "2012.08.21"]
[Round "5.36"]
[White "Cap, Adam"]
[Black "Meisch, Tanguy"]
[Result "1/2-1/2"]
[WhiteElo "2074"]
[BlackElo "1748"]
[PlyCount "95"]
[EventDate "2012.08.17"]

1. e4 e5 2. Nf3 Nf6 3. Nxe5 Nxe4 4. Qe2 Qe7 5. Qxe4 d6 6. d4 dxe5 7. Qxe5 Qxe5+
8. dxe5 Bf5 9. Nc3 Nc6 10. Bb5 Bxc2 11. Be3 Bb4 12. O-O O-O-O 13. Bxc6 bxc6 14.
Rac1 Bd3 15. Rfe1 Kb7 16. a3 Ba5 17. f4 f6 18. exf6 gxf6 19. Kf2 Rhe8 20. b4
Bb6 21. Rcd1 Bc2 22. Rxd8 Rxd8 23. Re2 Bf5 24. Bxb6 cxb6 25. Re7+ Ka6 26. h3 h5
27. Kf3 h4 28. Re3 c5 29. Re7 cxb4 30. axb4 Rd3+ 31. Re3 Rd4 32. g3 hxg3 33.
Kxg3 Bxh3 34. Kxh3 Rxf4 35. b5+ Ka5 36. Kg3 Rc4 37. Kf3 Kb4 38. Ne4 Rd4 39.
Nxf6 Kxb5 40. Re8 a5 41. Ke3 Rd6 42. Ne4 Rd7 43. Nf6 Ra7 44. Kd3 a4 45. Kc3
Rc7+ 46. Kb2 Rc4 47. Nd5 Rd4 48. Nxb6 1/2-1/2

[Event "European Youth Chess Championship B16"]
[Site "Prague, Top Hotel Prague"]
[Date "2012.08.21"]
[Round "5.37"]
[White "Ramsdal, Jens Albert"]
[Black "Boscolo, Federico"]
[Result "0-1"]
[WhiteElo "1943"]
[BlackElo "2328"]
[PlyCount "56"]
[EventDate "2012.08.17"]

1. e4 c5 2. Nf3 d6 3. d4 cxd4 4. Nxd4 Nf6 5. Nc3 g6 6. Be3 Bg7 7. f3 Nc6 8. Qd2
O-O 9. Bc4 Bd7 10. O-O-O Na5 11. Be2 Qc8 12. Kb1 Nc4 13. Bxc4 Qxc4 14. Bh6 Rfc8
15. h4 Bh8 16. Bg5 Re8 17. Nb3 b5 18. h5 Rac8 19. e5 b4 20. Ne2 dxe5 21. Rh4 e4
22. Rdh1 Bf5 23. Nf4 e3 24. Qe2 Bxc2+ 25. Ka1 Bxb3 26. Qxe3 Nd5 27. Nxd5 Bxb2+
28. Kb1 Qc2# 0-1